Tonsot gama kinepna / (Record no. 11146)

MARC details
000 -LEADER
fixed length control field 00385nam a22001577a 4500
003 - CONTROL NUMBER IDENTIFIER
control field GBCCL
005 - DATE AND TIME OF LATEST TRANSACTION
control field 20260219123049.0
008 - FIXED-LENGTH DATA ELEMENTS--GENERAL INFORMATION
fixed length control field 260219b |||||||| |||| 00| 0 eng d
040 ## - CATALOGING SOURCE
Transcribing agency GBC
082 ## - DEWEY DECIMAL CLASSIFICATION NUMBER
Classification number 248.4
Item number KHA 1
100 ## - MAIN ENTRY--PERSONAL NAME
Personal name Khaizakham, Kh.
245 ## - TITLE STATEMENT
Title Tonsot gama kinepna /
Statement of responsibility, etc. Rev. Dr. Kh. Khaizakham
260 ## - PUBLICATION, DISTRIBUTION, ETC.
Place of publication, distribution, etc. Lamka :
Name of publisher, distributor, etc. Author,
Date of publication, distribution, etc. 2025
300 ## - PHYSICAL DESCRIPTION
Extent 391
942 ## - ADDED ENTRY ELEMENTS (KOHA)
Source of classification or shelving scheme Dewey Decimal Classification
Koha item type Books
Suppress in OPAC No
Holdings
Withdrawn status Lost status Source of classification or shelving scheme Damaged status Not for loan Home library Current Library Shelving location Date acquired Total checkouts Full call number Barcode Date last seen Copy number Price effective from Koha item type
    Dewey Decimal Classification     GRACE BIBLE COLLEGE GRACE BIBLE COLLEGE Vernacular 2026-02-19   VER 248.4 KHA 021067 2026-02-19 c.1 2026-02-19 Books
    Dewey Decimal Classification     GRACE BIBLE COLLEGE GRACE BIBLE COLLEGE Vernacular 2026-02-19   VER 248.4 KHA 021068 2026-02-19 c.2 2026-02-19 Books
    Dewey Decimal Classification     GRACE BIBLE COLLEGE GRACE BIBLE COLLEGE Vernacular 2026-02-19   VER 248.4 KHA 021069 2026-02-19 c.3 2026-02-19 Books
    Dewey Decimal Classification     GRACE BIBLE COLLEGE GRACE BIBLE COLLEGE Vernacular 2026-02-19   VER 248.4 KHA 021070 2026-02-19 c.4 2026-02-19 Books
    Dewey Decimal Classification     GRACE BIBLE COLLEGE GRACE BIBLE COLLEGE Vernacular 2026-02-19   VER 248.4 KHA 021071 2026-02-19 c.5 2026-02-19 Books
© Grace Bible College Library 2025